[Event "FRA-chT3 Gr01 0607"]
[Site "France"]
[Date "2006.10.15"]
[Round "1.2"]
[White "Bonnafous, Michel"]
[Black "Biancalana, Marc"]
[Result "1/2-1/2"]
[WhiteElo "2088"]
[BlackElo "1888"]
[PlyCount "107"]
[EventDate "2006.10.15"]
[EventType "team-tourn"]
[EventRounds "9"]
[EventCountry "FRA"]
[SourceTitle "EXT 2008"]
[Source "ChessBase"]
[SourceDate "2007.11.25"]
[SourceVersion "1"]
[SourceVersionDate "2007.11.25"]
[SourceQuality "1"]

1. e4 e6 2. d3 d5 3. Nd2 c5 4. Ngf3 Nc6 5. g3 Nf6 6. Bg2 Be7 7. 0-0 b6 8. e5 Nd7 9. Re1 Qc7 10. Qe2 0-0 11. Nf1 f6 12. exf6 Nxf6 13. Bh3 e5 14. Bxc8 Raxc8 15. Nxe5 Nd4 16. Qd1 Bd6 17. f4 Rce8 18. c3 Nf5 19. Nf3 d4 20. Bd2 Nd5 21. Qb3 Qb7 22. Ng5 Kh8 23. Re4 h6 24. Ne6 Nf6 25. Rae1 Nxe4 26. dxe4 dxc3 27. bxc3 c4 28. Qxc4 Bc5+ 29. Nxc5 bxc5 30. exf5 Rxe1 31. Bxe1 Rxf5 32. Bf2 Qf3 33. Ne3 Rf6 34. Qd5 Qxd5 35. Nxd5 Ra6 36. c4 Rxa2 37. Bxc5 a5 38. Bd4 Rc2 39. Ne3 Rd2 40. Nf5 a4 41. c5 a3 42. c6 Rc2 43. Bxg7+ Kh7 44. g4 Rxc6 45. Kg2 a2 46. Kg3 Kg6 47. h4 Rf6 48. h5+ Kf7 49. Bxf6 Kxf6 50. Nxh6 a1Q 51. g5+ Kg7 52. Nf5+ Kg8 53. Nh4 Qe1+ 54. Kh3 1/2-1/2